Normal view
MARC view
- Supervisors Brig Dr Nasir Rashid Hassan Dr Mohsin I.Tiwana LE M. Umar Masood
Entry Personal Name
001 - CONTROL NUMBER
- control field: 71518
003 - CONTROL NUMBER IDENTIFIER
- control field: NUST
005 - DATE AND TIME OF LATEST TRANSACTION
- control field: 20210628204638.0
008 - FIXED-LENGTH DATA ELEMENTS
- fixed length control field: 210628|| aca||aabn | a|a d
040 ## - CATALOGING SOURCE
- Original cataloging agency: NUST
- Transcribing agency: NUST
100 ## - HEADING--PERSONAL NAME
- Personal name: Supervisors Brig Dr Nasir Rashid Hassan Dr Mohsin I.Tiwana LE M. Umar Masood
670 ## - SOURCE DATA FOUND
- Source citation: Work cat.: (NUST): Hassan Tahir Muhammad Bilal M. Umer Allauddin M. Junaid Ibrahim 71516, PR-SOF-1796-DESIGN AND FABRICATION OF LIVE LINE INSULATOR CLEANER, 2019
